Devine la ville - Etats-Unis - Statistiques

Statistiques générales
  • Ce quiz a été pris 493 fois
  • Le résultat moyen est 10 sur 15
Statistiques - réponses
Question Réponse % Correct
connu pour son quartier d'Hollywood Los Angeles
98%
Anciennement connu sous le nom de Nouvelle Amsterdam New York
96%
Connu pour son pont suspendu San Francisco
89%
On peut y voir la tour eiffel Las Vegas
88%
On peut y voir le Lincoln Memorial Washington
88%
3ème ville la plus peuplée du pays Chicago
80%
JF Kennedy y a été assassiné Dallas
80%
On y trouve l'Université Harvard Boston
79%
Capitale de l'état de Californie Sacramento
67%
Aéroport le plus fréquenté au monde Atlanta
55%
La Déclaration d'indépendance et la Constitution y furent signés Philadelphie
53%
Ville à la consonance française situé entre 2 des grands lacs Détroit
46%
Siège social de Microsoft et Amazon Seattle
43%
Equipe des "cavaliers" en NBA Cleveland
38%
Anciennement un port important sur la côte est Baltimore
27%
Aucun quiz correspondant
Distribution des résultats
% des personnes avec chaque résultat
Percentile par nombre de réponses
Votre historique - résultats
Vous n’avez pas pris ce quiz